000 00473nam a2200121 a 4500
008 120416s2003 ||||||||||||||||| || u
050 _aGOV.ZAM.C4(02)
245 1 0 _aPopulation projections report
246 _a2000 census of population and housing
260 _aLusaka
_bCentral Statistical Office (CSO)-Zambia
_c2003
350 _a0.00
995 _D0.00
_FCBU-MAIN LIBRARY (Kitwe)
_H1
_I0.00
_UAVAILABLE
_ZZambiana Collection
999 _c54031
_d54031